000 00728nam a22002537a 4500
003 UA-OsUOA
001 25862
007 ta
008 20040428b un ||||| |||| 00| 0 ukr d
100 _aСухомлинский В.А.
090 _a37.011
_bС91
942 _cBK
040 _aUA-OsUOA
_brus
_cUA-OsUOA
_dUA-OsUOA
245 _aИзбранные произведния в пяти томах
_bСердце отдаю детям. Рождение гражданина. Письмо к сыну
300 _a719 с.
955 _a0
041 _arus
080 _a37.011
260 _aКиев
_bРадянська школа
_c1980
246 3 1 _aТом 3
_n
044 _aUA
650 7 _2UDC
999 _c312167
_d312167